André Malraux / (Record no. 89599)

MARC details
000 -LEADER
campo de control de longitud fija 00968cam a2200301I 4500
001 - NÚMERO DE CONTROL
campo de control 41151
005 - FECHA Y HORA DE LA ÚLTIMA TRANSACCIÓN
campo de control 20230410132903.0
008 - DATOS DE LONGITUD FIJA--INFORMACIÓN GENERAL
campo de control de longitud fija 721017s1960 fr c b 000 0bfre c
010 ## - NÚMERO DE CONTROL DE LA BIBLIOTECA DEL CONGRESO
Número de control de LC a 61004403
035 ## - NÚMERO DE CONTROL DEL SISTEMA
Número de control de sistema (OCoLC)ocm00445531
040 ## - FUENTE DE CATALOGACIÓN
Centro catalogador/agencia de origen Illinois. Univ. Library
Centro/agencia transcriptor CSU
Centro/agencia modificador SER
-- LVB
029 1# - OTRO NÚMERO DE CONTROL DE SISTEMA (OCLC)
Identificador de la biblioteca OCLC NZ1
Número de control de sistema 4465510
035 ## - NÚMERO DE CONTROL DEL SISTEMA
Número de control de sistema (OCoLC)445531
050 14 - SIGNATURA TOPOGRÁFICA DE LA BIBLIOTECA DEL CONGRESO
Número de clasificación B PQ 2625
Número de ítem M259B 1960
082 00 - NÚMERO DE LA CLASIFICACIÓN DECIMAL DEWEY
Número de clasificación 843.9
049 ## - FONDOS LOCALES (OCLC)
Biblioteca depositaria GRAL
100 1# - ENTRADA PRINCIPAL--NOMBRE DE PERSONA
Nombre de persona Boisdeffre, Pierre de.
245 10 - MENCIÓN DEL TÍTULO
Título André Malraux /
Mención de responsabilidad, etc. Pierre de Boisdeffre.
250 ## - MENCION DE EDICION
Mención de edición 5. ed., remaniée et augm. notamment, de plusieurs nouveaux textes d'Andre Malraux.
260 ## - PUBLICACIÓN, DISTRIBUCIÓN, ETC.
Lugar de publicación, distribución, etc. Paris :
Nombre del editor, distribuidor, etc. Editions universitaires,
Fecha de publicación, distribución, etc. [1960]
300 ## - DESCRIPCIÓN FÍSICA
Extensión 190 p.
Otras características físicas ports. 18 cm.
490 0# - MENCIÓN DE SERIE
Mención de serie Classiques du XXe siáecle,
Designación de volumen o secuencia 2
504 ## - NOTA DE BIBLIOGRAFÍA, ETC.
Nota de bibliografía, etc. "Textes choisis": p. [123]-183. Bibliography: p. [185]-188.
600 10 - PUNTO DE ACCESO ADICIONAL DE MATERIA--NOMBRE DE PERSONA
Nombre de persona Malraux, André,
Fechas asociadas al nombre 1901-1976.
700 1# - ENTRADA AGREGADA--NOMBRE PERSONAL
Nombre de persona Malraux, André,
Fechas asociadas al nombre 1901-1976.
942 ## - ELEMENTOS DE ENTRADA SECUNDARIOS (KOHA)
Fuente del sistema de clasificación o colocación Clasificación de Library of Congress
Tipo de ítem Koha
994 ## -
-- C0
-- DRFGD
Holdings
Estatus retirado Estado de pérdida Fuente del sistema de clasificación o colocación Estado de daño No para préstamo Colección Biblioteca de origen Biblioteca actual Ubicación en estantería Fecha de adquisición Serial enumeration / chronology Signatura topográfica completa Código de barras Visto por última vez Copia número Tipo de ítem Koha
    Clasificación de Library of Congress     Recursos Regionales Biblioteca Juan Bosch Biblioteca Juan Bosch Recursos Regionales (2do. Piso) 10/04/2023 1 B PQ 2625 M259B 1960 00000042208 17/11/2018 1